[Event "Ruhrgebiet Verbandsliga Gruppe 2 1415"]
[Site "Germany"]
[Date "2015.03.29"]
[Round "8.6"]
[White "Braun, Uwe"]
[Black "Boehle, Lars"]
[Result "1/2-1/2"]
[WhiteElo "1795"]
[BlackElo "2105"]
[PlyCount "37"]
[EventDate "2014.09.21"]
[EventType "team-tourn"]
[EventRounds "9"]
[EventCountry "GER"]
[SourceTitle "EXT 2022"]
[Source "ChessBase"]
[SourceDate "2021.10.06"]
[SourceVersion "1"]
[SourceVersionDate "2021.10.06"]
[SourceQuality "1"]
[WhiteTeam "Bottrop SV"]
[BlackTeam "Bochum SG III"]
[WhiteTeamCountry "GER"]
[BlackTeamCountry "GER"]

1. d4 e6 2. Nf3 f5 3. c4 Nf6 4. Bg5 h6 5. Bxf6 Qxf6 6. e3 d5 7. Ne5 Bb4+ 8. Nc3 0-0 9. f4 c6 10. a3 Bd6 11. c5 Bc7 12. Be2 Nd7 13. 0-0 Nxe5 14. dxe5 Qe7 15. b4 b6 16. Na4 b5 17. Nc3 a5 18. Qd4 Bd7 19. Bd3 1/2-1/2

[Event "NRW Class1 1011"]
[Site "Germany"]
[Date "2011.03.13"]
[Round "8.8"]
[White "Boehle, Lars"]
[Black "Grzonka, Raphael"]
[Result "1-0"]
[WhiteElo "2222"]
[BlackElo "1844"]
[PlyCount "43"]
[EventDate "2010.09.26"]
[EventType "team-tourn"]
[EventRounds "9"]
[EventCountry "GER"]
[SourceTitle "EXT 2012"]
[Source "ChessBase"]
[SourceDate "2011.11.24"]
[SourceVersion "1"]
[SourceVersionDate "2011.11.24"]
[SourceQuality "1"]
[WhiteTeam "Bochum II"]
[BlackTeam "Brackweda"]
[WhiteTeamCountry "GER"]
[BlackTeamCountry "GER"]

1. d4 d5 2. Nf3 e6 3. c4 c6 4. Nbd2 Nf6 5. e3 Be7 6. Bd3 Nbd7 7. b3 0-0 8. Bb2 Re8 9. 0-0 b6 10. e4 dxe4 11. Nxe4 Bb7 12. Qe2 Nf8 13. Ne5 h6 14. Rad1 Qc7 15. Nxf6+ Bxf6 16. Ng4 Be7 17. Bb1 c5 18. dxc5 Qxc5 19. Rd3 h5 20. Nh6+ gxh6 21. Rg3+ Bg5 22. Qxh5 1-0

[Event "Hamburg St Pauli op-A"]
[Site "Hamburg"]
[Date "2010.07.14"]
[Round "5"]
[White "Hedayat Nassab, Djamschid"]
[Black "Boehle, Lars"]
[Result "1-0"]
[WhiteElo "2111"]
[BlackElo "2230"]
[PlyCount "89"]
[EventDate "2010.07.10"]
[EventType "swiss"]
[EventRounds "9"]
[EventCountry "GER"]
[SourceTitle "EXT 2013"]
[Source "ChessBase"]
[SourceDate "2012.11.22"]
[SourceVersion "1"]
[SourceVersionDate "2012.11.22"]
[SourceQuality "1"]

1. e4 e6 2. d4 d5 3. exd5 exd5 4. c4 Bb4+ 5. Nc3 Ne7 6. Bd3 dxc4 7. Bxc4 0-0 8. Nge2 Nd7 9. 0-0 Nb6 10. Bb3 Ned5 11. a3 Be7 12. Ng3 Be6 13. Bc2 g6 14. Nce4 Nd7 15. f4 N5f6 16. f5 Bc4 17. Re1 Nxe4 18. Bxe4 c6 19. Bh6 Re8 20. Qc2 Nb6 21. fxg6 hxg6 22. Bxg6 Bf6 23. Bh7+ Kh8 24. Rxe8+ Qxe8 25. Rd1 Rd8 26. Qf2 Qe6 27. Bf5 Qd5 28. Be3 Rg8 29. Be4 Qe6 30. Qf3 Rg7 31. Nh5 Bg5 32. Nxg7 Bxe3+ 33. Qxe3 Kxg7 34. Qg5+ Kf8 35. Bf5 Qe2 36. Bg4 Qe4 37. Bf3 Qe6 38. Qh4 Kg7 39. Re1 Qg6 40. h3 Bd5 41. Be4 f5 42. Re3 Bxe4 43. Rg3 Nd5 44. Rxg6+ Kxg6 45. Qg3+ 1-0

[Event "Ruhrgebiet Regionalliga 0910"]
[Site "Germany"]
[Date "2010.01.18"]
[Round "5.3"]
[White "Boehle, Lars"]
[Black "Pruess, Wilfried"]
[Result "1-0"]
[WhiteElo "2260"]
[BlackElo "2194"]
[PlyCount "59"]
[EventDate "2009.09.06"]
[EventType "team-tourn"]
[EventRounds "9"]
[EventCountry "GER"]
[SourceTitle "EXT 2011"]
[Source "ChessBase"]
[SourceDate "2010.11.26"]
[SourceVersion "1"]
[SourceVersionDate "2010.11.26"]
[SourceQuality "1"]
[WhiteTeam "Bochum SG III"]
[BlackTeam "Hamm Koenigsspringer"]
[WhiteTeamCountry "GER"]
[BlackTeamCountry "GER"]

1. d4 Nf6 2. c4 e6 3. Nc3 Bb4 4. e3 c5 5. Nge2 0-0 6. a3 Bxc3+ 7. Nxc3 d6 8. Bd3 Nc6 9. 0-0 h6 10. Ne2 e5 11. d5 Ne7 12. Ng3 Ne8 13. e4 Ng6 14. Nf5 Nf4 15. Bc2 Qg5 16. g3 g6 17. Kh1 gxf5 18. gxf4 Qf6 19. fxe5 dxe5 20. exf5 Ng7 21. Qf3 Kh7 22. Rg1 Bd7 23. Be3 Rac8 24. Rg3 Rg8 25. Rg6 fxg6 26. fxg6+ Qxg6 27. Bxg6+ Kxg6 28. Rg1+ Kh7 29. Qf7 Bf5 30. Rxg7+ 1-0

[Event "Bayern-chI Bank Hofmann 13th"]
[Site "Bad Wiessee"]
[Date "2009.11.07"]
[Round "9"]
[White "Boehle, Lars"]
[Black "Heuer, Thomas"]
[Result "1/2-1/2"]
[WhiteElo "2240"]
[BlackElo "2157"]
[PlyCount "71"]
[EventDate "2009.10.31"]
[EventType "swiss"]
[EventRounds "9"]
[EventCountry "GER"]
[SourceTitle "EXT 2010"]
[Source "ChessBase"]
[SourceDate "2010.11.25"]
[SourceVersion "1"]
[SourceVersionDate "2010.11.25"]
[SourceQuality "1"]

1. d4 d5 2. Nf3 Nf6 3. c4 e6 4. Nc3 Be7 5. Bf4 0-0 6. e3 c5 7. dxc5 Bxc5 8. a3 dxc4 9. Bxc4 Qxd1+ 10. Rxd1 a6 11. b4 Be7 12. e4 b5 13. Bd3 Bb7 14. e5 Nd5 15. Nxd5 Bxd5 16. Bg5 Bxg5 17. Nxg5 h6 18. Ne4 Nc6 19. f4 a5 20. Nc3 Bxg2 21. Rg1 Bf3 22. Rc1 axb4 23. axb4 Nxb4 24. Bxb5 Na2 25. Rc2 Nxc3 26. Rxc3 Be4 27. Kf2 Ra2+ 28. Ke3 Bf5 29. Be2 Rd8 30. h4 Rdd2 31. Bf3 Rdc2 32. Rb3 Rab2 33. Ra3 Ra2 34. Rb3 Rcb2 35. Rc3 Rc2 36. Rb3 1/2-1/2

[Event "Bayern-chI Bank Hofmann 13th"]
[Site "Bad Wiessee"]
[Date "2009.11.02"]
[Round "4"]
[White "Yemelin, Vasily"]
[Black "Boehle, Lars"]
[Result "1/2-1/2"]
[WhiteElo "2570"]
[BlackElo "2240"]
[PlyCount "88"]
[EventDate "2009.10.31"]
[EventType "swiss"]
[EventRounds "9"]
[EventCountry "GER"]
[SourceTitle "EXT 2010"]
[Source "ChessBase"]
[SourceDate "2010.11.25"]
[SourceVersion "1"]
[SourceVersionDate "2010.11.25"]
[SourceQuality "1"]

1. d4 d5 2. Bf4 c5 3. e3 Nc6 4. c3 Qb6 5. Qb3 Nf6 6. Nd2 e6 7. Ngf3 Be7 8. Be2 0-0 9. 0-0 Bd7 10. Ne5 Nxe5 11. Bxe5 Bc6 12. Qc2 Nd7 13. Bg3 Rac8 14. Rfe1 Bb5 15. Bd1 Qa6 16. Nb3 Bd3 17. Qd2 Bg6 18. Bf3 Rfd8 19. Qe2 Bd3 20. Qd1 c4 21. Nc1 Bg6 22. Ne2 b5 23. a3 Nf6 24. Be5 Qb6 25. Nf4 a5 26. h4 Nd7 27. Nxg6 hxg6 28. Bg3 Nf6 29. e4 dxe4 30. Bxe4 Nxe4 31. Rxe4 Rd5 32. Qf3 Bd6 33. Bxd6 Qxd6 34. g3 Rf5 35. Qe2 b4 36. axb4 axb4 37. Ra4 Rb5 38. Re5 Rxe5 39. dxe5 Qd3 40. Qxd3 cxd3 41. Kf1 bxc3 42. bxc3 Rxc3 43. Rd4 Kf8 44. f4 Ke7 1/2-1/2

[Event "Ruhrgebiet Regionalliga 0910"]
[Site "Germany"]
[Date "2009.09.06"]
[Round "1.3"]
[White "Boehle, Lars"]
[Black "Goldschmidt, Christian"]
[Result "1-0"]
[WhiteElo "2260"]
[BlackElo "2234"]
[PlyCount "71"]
[EventDate "2009.09.06"]
[EventType "team-tourn"]
[EventRounds "9"]
[EventCountry "GER"]
[SourceTitle "EXT 2011"]
[Source "ChessBase"]
[SourceDate "2010.11.26"]
[SourceVersion "1"]
[SourceVersionDate "2010.11.26"]
[SourceQuality "1"]
[WhiteTeam "Bochum SG III"]
[BlackTeam "Brackel"]
[WhiteTeamCountry "GER"]
[BlackTeamCountry "GER"]

1. d4 d5 2. Nf3 Nf6 3. c4 c6 4. e3 e6 5. Nbd2 Nbd7 6. b3 Bd6 7. Bb2 0-0 8. Bd3 Re8 9. Ne5 Nf8 10. f4 Qe7 11. 0-0 N6d7 12. e4 f6 13. Nxd7 Bxd7 14. e5 Bc7 15. Nf3 dxc4 16. bxc4 Red8 17. Qb3 b5 18. Ba3 Qf7 19. Rac1 Bb6 20. cxb5 cxb5 21. Bc5 Rab8 22. Bxb6 Rxb6 23. Rc7 a6 24. Rfc1 fxe5 25. fxe5 Qf4 26. Kh1 Be8 27. Qb4 Bh5 28. Rf1 Ng6 29. Bxg6 hxg6 30. Rxg7+ Kxg7 31. Qe7+ Kh6 32. Qxd8 Bxf3 33. Qh8+ Kg5 34. gxf3 Qxd4 35. Rg1+ Kf4 36. Rg4+ 1-0

[Event "Dresden ZMD op"]
[Site "Dresden"]
[Date "2009.07.28"]
[Round "4"]
[White "Ruemmler, Roland"]
[Black "Boehle, Lars"]
[Result "1-0"]
[WhiteElo "2023"]
[BlackElo "2260"]
[PlyCount "83"]
[EventDate "2009.07.25"]
[EventType "swiss"]
[EventRounds "9"]
[EventCountry "GER"]
[SourceTitle "CBM 131 Extra"]
[Source "ChessBase"]
[SourceDate "2009.09.03"]
[SourceVersion "2"]
[SourceVersionDate "2009.09.16"]
[SourceQuality "1"]

1. d4 Nf6 2. Nf3 g6 3. g3 Bg7 4. Bg2 d6 5. 0-0 0-0 6. c4 Nc6 7. Nc3 a6 8. e4 Bg4 9. Be3 e5 10. d5 Ne7 11. c5 Nd7 12. cxd6 cxd6 13. Qb3 Bxf3 14. Bxf3 Qb8 15. a4 f5 16. a5 Kh8 17. Na4 Nf6 18. Bg5 Qa7 19. Be3 Qb8 20. Nb6 fxe4 21. Bg2 Ra7 22. Qc4 Nf5 23. Bg5 Qe8 24. Bxe4 Nd4 25. Bg2 Nb5 26. Be3 Rf7 27. Rac1 Rf8 28. Bh3 h6 29. Qh4 Kh7 30. Be6 Qd8 31. Rc8 Qe7 32. Rxf8 Qxf8 33. Rc1 Qd8 34. Rc8 Qe7 35. Qc4 h5 36. Na4 Nd4 37. Bxd4 exd4 38. Qxd4 b5 39. axb6 Rb7 40. Qc4 Ng4 41. Rc7 Qf6 42. Bxg4 1-0

[Event "Dresden ZMD op"]
[Site "Dresden"]
[Date "2009.07.27"]
[Round "3"]
[White "Boehle, Lars"]
[Black "Hentze, Markus"]
[Result "0-1"]
[WhiteElo "2260"]
[BlackElo "2006"]
[PlyCount "136"]
[EventDate "2009.07.25"]
[EventType "swiss"]
[EventRounds "9"]
[EventCountry "GER"]
[SourceTitle "CBM 131 Extra"]
[Source "ChessBase"]
[SourceDate "2009.09.03"]
[SourceVersion "2"]
[SourceVersionDate "2009.09.16"]
[SourceQuality "1"]

1. Nf3 Nf6 2. c4 g6 3. g3 Bg7 4. Bg2 d6 5. 0-0 0-0 6. Nc3 Nbd7 7. Rb1 c6 8. b4 a6 9. d3 Rb8 10. Bd2 Re8 11. a4 a5 12. bxa5 Qxa5 13. Nb5 Qd8 14. Na7 Ra8 15. Nxc8 Qxc8 16. a5 e5 17. Bb4 Qc7 18. Nd2 Nb8 19. Ne4 Nxe4 20. Bxe4 Na6 21. Bd2 Nc5 22. Bg2 f5 23. Bc3 Ra6 24. Qc2 Ne6 25. e3 f4 26. Rb2 Qf7 27. Rfb1 Re7 28. Qd1 Bh6 29. exf4 exf4 30. Qg4 Nc5 31. Bd4 Bg7 32. Bxc5 Bxb2 33. Bxd6 Qe6 34. Qxf4 Be5 35. Bxe5 Qxe5 36. Qxe5 Rxe5 37. Be4 Ra7 38. a6 bxa6 39. Bxc6 Rc5 40. Bd5+ Kf8 41. d4 Rcc7 42. Ra1 a5 43. Ra4 Rc8 44. c5 Rb8 45. Kf1 Rb4 46. Rxb4 axb4 47. Ke2 Rd7 48. c6 Ra7 49. Kd3 Ke7 50. Kc4 Kd6 51. Be4 Ra2 52. f3 Rxh2 53. Kxb4 Rh3 54. g4 h5 55. gxh5 gxh5 56. Kc4 Rg3 57. Kd3 h4 58. Ke2 h3 59. Kf2 h2 60. Kxg3 h1Q 61. d5 Qe1+ 62. Kf4 Qh4+ 63. Ke3 Ke5 64. Kd3 Qf2 65. Kc3 Qc5+ 66. Kd3 Qd4+ 67. Kc2 Kf4 68. Kb3 Qc5 0-1

[Event "Bayern-chI Bank Hofmann 12th"]
[Site "Bad Wiessee"]
[Date "2008.11.03"]
[Round "3"]
[White "Handke, Florian"]
[Black "Boehle, Lars"]
[Result "1-0"]
[WhiteElo "2498"]
[BlackElo "2245"]
[PlyCount "95"]
[EventDate "2008.11.01"]
[EventType "swiss"]
[EventRounds "9"]
[EventCountry "GER"]
[SourceTitle "EXT 2009"]
[Source "ChessBase"]
[SourceDate "2008.11.26"]
[SourceVersion "1"]
[SourceVersionDate "2008.11.26"]
[SourceQuality "1"]

1. e4 e6 2. d4 d5 3. Nd2 Be7 4. Ngf3 Nf6 5. Bd3 c5 6. e5 Nfd7 7. c3 Nc6 8. 0-0 a5 9. a4 g5 10. dxc5 g4 11. Nd4 Ndxe5 12. N2b3 Nxd3 13. Qxd3 e5 14. Nb5 h5 15. Qxd5 Be6 16. Qxd8+ Rxd8 17. Ra3 Bxb3 18. Rxb3 Bxc5 19. Nc7+ Kd7 20. Rxb7 Kc8 21. Rb5 Bxf2+ 22. Kxf2 Kxc7 23. Ke2 Rd7 24. Rf6 Rh7 25. Be3 Rd6 26. Rf1 f6 27. Bc5 Re6 28. Ke3 h4 29. Ke4 h3 30. gxh3 Rxh3 31. Kf5 Nd8 32. Kxg4 Rxh2 33. Bf2 Nc6 34. b4 axb4 35. cxb4 f5+ 36. Kg3 Rhh6 37. Bb6+ Kc8 38. Rxf5 Rhg6+ 39. Kf2 Rg4 40. Rf8+ Kd7 41. Bc5 Rh6 42. Rb6 Rh2+ 43. Kf3 Rhg2 44. Ke3 e4 45. Rf4 R4g3+ 46. Kxe4 Re2+ 47. Kd5 Rd2+ 48. Kc4 1-0

[Event "Ruhrgebiet Regionalliga 0708"]
[Site "Germany"]
[Date "2008.04.13"]
[Round "8.8"]
[White "Boehle, Lars"]
[Black "Plomann, Michael"]
[Result "1-0"]
[WhiteElo "2276"]
[BlackElo "1631"]
[PlyCount "37"]
[EventDate "2007.09.16"]
[EventType "team-tourn"]
[EventRounds "9"]
[EventCountry "GER"]
[SourceTitle "EXT 2009"]
[Source "ChessBase"]
[SourceDate "2008.11.26"]
[SourceVersion "1"]
[SourceVersionDate "2008.11.26"]
[SourceQuality "1"]
[WhiteTeam "Bochum 31 II"]
[BlackTeam "Gladbeck SG"]
[WhiteTeamCountry "GER"]
[BlackTeamCountry "GER"]

1. d4 Nf6 2. c4 e6 3. Nc3 Bb4 4. e3 0-0 5. Bd3 c5 6. Nge2 d5 7. cxd5 exd5 8. a3 cxd4 9. exd4 Bxc3+ 10. bxc3 Qc7 11. Bf4 Qa5 12. 0-0 Bg4 13. f3 Bh5 14. Qb3 b6 15. Bd6 Nc6 16. Bb4 Rfe8 17. Bxa5 Nxa5 18. Qc2 Rac8 19. Nf4 1-0

[Event "Bad Woerishofen op 24th"]
[Site "Bad Woerishofen"]
[Date "2008.03.04"]
[Round "6"]
[White "Riedel, Lutz"]
[Black "Boehle, Lars"]
[Result "1-0"]
[WhiteElo "2025"]
[BlackElo "2140"]
[PlyCount "63"]
[EventDate "2008.02.28"]
[EventType "swiss"]
[EventRounds "9"]
[EventCountry "GER"]
[SourceTitle "EXT 2022"]
[Source "ChessBase"]
[SourceDate "2021.10.06"]
[SourceVersion "1"]
[SourceVersionDate "2021.10.06"]
[SourceQuality "1"]

1. d4 g6 2. Nf3 Bg7 3. c3 Nf6 4. h3 0-0 5. Bf4 d6 6. Nbd2 b6 7. Qc2 c5 8. e4 Bb7 9. Be2 cxd4 10. cxd4 d5 11. e5 Ne4 12. 0-0 Nxd2 13. Qxd2 Qd7 14. Rfe1 e6 15. Nh2 f5 16. exf6 Bxf6 17. Bh6 Re8 18. Ng4 Bh8 19. Bf4 Bg7 20. Rac1 Nc6 21. Bb5 Rac8 22. Be5 a6 23. Bxc6 Bxc6 24. Rc3 Bb7 25. Rec1 h5 26. Nh6+ Bxh6 27. Qxh6 Qh7 28. Qg5 Rxc3 29. Rxc3 Re7 30. Rg3 Bc6 31. Qf6 Be8 32. Bd6 1-0

[Event "Bad Woerishofen op 24th"]
[Site "Bad Woerishofen"]
[Date "2008.03.03"]
[Round "5"]
[White "Boehle, Lars"]
[Black "Kunin, Vitaly L"]
[Result "0-1"]
[WhiteElo "2276"]
[BlackElo "2538"]
[PlyCount "114"]
[EventDate "2008.02.28"]
[EventType "swiss"]
[EventRounds "9"]
[EventCountry "GER"]
[SourceTitle "CBM 123 Extra"]
[Source "ChessBase"]
[SourceDate "2008.05.06"]
[SourceVersion "1"]
[SourceVersionDate "2008.05.06"]
[SourceQuality "1"]

1. e4 c5 2. Nc3 Nc6 3. g3 g6 4. Bg2 Bg7 5. d3 d6 6. Nge2 Rb8 7. a4 a6 8. Be3 b5 9. axb5 axb5 10. Qd2 b4 11. Nd1 Bd7 12. f4 Nd4 13. 0-0 Bg4 14. Nxd4 cxd4 15. Bf2 Qd7 16. b3 Nh6 17. Ra4 Qb5 18. h3 Bd7 19. Be1 Qc5 20. Rxb4 Rxb4 21. Qxb4 Qxc2 22. Qb8+ Qc8 23. Qxc8+ Bxc8 24. Nb2 f5 25. Nc4 fxe4 26. dxe4 Ba6 27. Bf2 Bxc4 28. bxc4 Kd7 29. e5 dxe5 30. fxe5 Bxe5 31. Rd1 Nf5 32. g4 Nd6 33. Bxd4 Bxd4+ 34. Rxd4 Rc8 35. Bf1 Rc5 36. Rd1 g5 37. Kf2 Re5 38. Bg2 Kc7 39. Rb1 Rc5 40. Bf1 Re5 41. Bg2 h6 42. Rb2 Rc5 43. Bf1 Re5 44. Bg2 Rc5 45. Bf1 Kc6 46. Rb8 Re5 47. Bg2+ Kc5 48. Rh8 Re6 49. Bf1 Kd4 50. Rd8 Rf6+ 51. Kg2 e5 52. Kg3 e4 53. h4 gxh4+ 54. Kxh4 Kc5 55. Bg2 e3 56. Rd7 Kxc4 57. g5 e2 0-1

[Event "Bad Woerishofen op 24th"]
[Site "Bad Woerishofen"]
[Date "2008.02.29"]
[Round "2"]
[White "Galje, Hans"]
[Black "Boehle, Lars"]
[Result "1/2-1/2"]
[WhiteElo "2118"]
[BlackElo "2276"]
[PlyCount "97"]
[EventDate "2008.02.28"]
[EventType "swiss"]
[EventRounds "9"]
[EventCountry "GER"]
[SourceTitle "CBM 123 Extra"]
[Source "ChessBase"]
[SourceDate "2008.05.06"]
[SourceVersion "1"]
[SourceVersionDate "2008.05.06"]
[SourceQuality "1"]

1. d4 Nf6 2. c4 c5 3. d5 b5 4. cxb5 a6 5. bxa6 g6 6. Nc3 Bxa6 7. g3 d6 8. Bg2 Bg7 9. Nf3 Nbd7 10. Rb1 0-0 11. 0-0 Qa5 12. Bd2 Nb6 13. b3 Bb7 14. Qc2 Nfd7 15. e4 Qa3 16. Bc1 Qa6 17. Bb2 Rfc8 18. Rfd1 Ne5 19. Nxe5 Bxe5 20. h4 h5 21. Bh3 Rcb8 22. Qd2 Bc8 23. Bg2 Bg4 24. f3 Bd7 25. f4 Bd4+ 26. Kh2 Bg4 27. Re1 Qa5 28. Rbc1 Qb4 29. Rc2 Ra7 30. Bf1 Nd7 31. Bc4 Bg7 32. Ba1 Ra5 33. Na4 Qxd2+ 34. Rxd2 Bxa1 35. Rxa1 Nf6 36. Re1 Bf3 37. Nc3 Nd7 38. e5 Kf8 39. Re3 Bg4 40. exd6 exd6 41. Kg2 Bf5 42. Re1 Nb6 43. Bf1 Rba8 44. a4 Rc8 45. Bb5 Bd7 46. Bxd7 Nxd7 47. Nb5 Ra6 48. Kf3 Nf6 49. Rc1 1/2-1/2

[Event "Muensterland op 25th"]
[Site "Senden"]
[Date "2007.10.06"]
[Round "9"]
[White "Korth, Daniel"]
[Black "Boehle, Lars"]
[Result "1/2-1/2"]
[WhiteElo "2203"]
[BlackElo "2266"]
[PlyCount "57"]
[EventDate "2007.09.29"]
[EventType "swiss"]
[EventRounds "9"]
[EventCountry "GER"]
[SourceTitle "EXT 2008"]
[Source "ChessBase"]
[SourceDate "2007.11.25"]
[SourceVersion "1"]
[SourceVersionDate "2007.11.25"]
[SourceQuality "1"]

1. d4 Nf6 2. c4 c5 3. d5 b5 4. cxb5 a6 5. e3 g6 6. Nc3 Bg7 7. a4 axb5 8. Bxb5 0-0 9. Nge2 Na6 10. 0-0 Nb4 11. Nf4 d6 12. Nd3 Bb7 13. e4 Qa5 14. f3 Ba6 15. Be3 Nxd3 16. Qxd3 Rfb8 17. Bxa6 Qxa6 18. Qc2 Qc4 19. Ra3 Nd7 20. Rc1 Qb4 21. Ra2 Nb6 22. b3 c4 23. bxc4 Nxc4 24. Bf2 Rc8 25. Ne2 Nb6 26. Qd2 Qxd2 27. Rxc8+ Rxc8 28. Rxd2 Nxa4 29. g3 1/2-1/2

[Event "Muensterland op 25th"]
[Site "Senden"]
[Date "2007.09.30"]
[Round "3"]
[White "Wallhof, Dieter"]
[Black "Boehle, Lars"]
[Result "0-1"]
[WhiteElo "2064"]
[BlackElo "2266"]
[PlyCount "64"]
[EventDate "2007.09.29"]
[EventType "swiss"]
[EventRounds "9"]
[EventCountry "GER"]
[SourceTitle "EXT 2008"]
[Source "ChessBase"]
[SourceDate "2007.11.25"]
[SourceVersion "1"]
[SourceVersionDate "2007.11.25"]
[SourceQuality "1"]

1. e4 e6 2. d4 d5 3. e5 c5 4. c3 Nc6 5. Nf3 Qb6 6. a3 Nh6 7. b4 cxd4 8. cxd4 Nf5 9. Bb2 Be7 10. Be2 Bd7 11. 0-0 0-0 12. g4 Nh4 13. Nxh4 Bxh4 14. Kg2 Be7 15. f4 f6 16. Qd3 f5 17. gxf5 Rxf5 18. Bg4 Rf7 19. Nd2 Raf8 20. Qe3 a5 21. Nb3 axb4 22. Nc5 Bxc5 23. dxc5 Qd8 24. axb4 Nxb4 25. Rad1 Qe7 26. Bc3 Na6 27. Rb1 Bc6 28. Kg1 Nc7 29. Be1 Qg5 30. Qh3 Rxf4 31. Rxf4 Rxf4 32. Rb4 d4 0-1

[Event "Muensterland op 25th"]
[Site "Senden"]
[Date "2007.09.29"]
[Round "2"]
[White "Boehle, Lars"]
[Black "Werner, Michael"]
[Result "1-0"]
[WhiteElo "2266"]
[BlackElo "2095"]
[PlyCount "101"]
[EventDate "2007.09.29"]
[EventType "swiss"]
[EventRounds "9"]
[EventCountry "GER"]
[SourceTitle "EXT 2008"]
[Source "ChessBase"]
[SourceDate "2007.11.25"]
[SourceVersion "1"]
[SourceVersionDate "2007.11.25"]
[SourceQuality "1"]

1. e4 c5 2. Nf3 e6 3. d3 Nc6 4. g3 d5 5. Nbd2 Nf6 6. Bg2 Be7 7. 0-0 b6 8. Re1 Bb7 9. e5 Nd7 10. h4 Qc7 11. Qe2 0-0-0 12. Nf1 h6 13. Bf4 a6 14. Qd2 b5 15. c3 Nb6 16. a3 Na5 17. Rab1 c4 18. d4 Nb3 19. Qe3 a5 20. h5 Nd7 21. N3d2 a4 22. Nxb3 cxb3 23. Qe2 Bc6 24. Ne3 Nb6 25. g4 Nc4 26. Bg3 Rdg8 27. Kh2 Qd8 28. Nxc4 bxc4 29. f4 g6 30. Qf2 gxh5 31. gxh5 Rh7 32. Bf3 Bd7 33. Rg1 Rhh8 34. Kh3 Qe8 35. Bh4 Kb7 36. Bxe7 Qxe7 37. Rg2 Qd8 38. Rbg1 Kc7 39. Rg3 Qf8 40. Qg2 Rxg3+ 41. Qxg3 Kd8 42. Kh2 Qe7 43. Rg2 Qf8 44. Qh4+ Qe7 45. Qf6 Qxf6 46. exf6 Ke8 47. Rg7 Kf8 48. f5 Bc8 49. Kg3 Rg8 50. Rxg8+ Kxg8 51. Kf4 1-0

[Event "Ruhrgebiet VL1 0708"]
[Site "Germany"]
[Date "2007.09.16"]
[Round "1.2"]
[White "Boehm, Ingo"]
[Black "Boehle, Lars"]
[Result "0-1"]
[WhiteElo "2092"]
[BlackElo "2276"]
[PlyCount "74"]
[EventDate "2007.09.02"]
[EventType "team-tourn"]
[EventRounds "9"]
[EventCountry "GER"]
[SourceTitle "EXT 2009"]
[Source "ChessBase"]
[SourceDate "2008.11.26"]
[SourceVersion "1"]
[SourceVersionDate "2008.11.26"]
[SourceQuality "1"]
[WhiteTeam "Bochum-Linden"]
[BlackTeam "Bochum 31 III"]
[WhiteTeamCountry "GER"]
[BlackTeamCountry "GER"]

1. e4 e6 2. d4 d5 3. Nd2 c5 4. Ngf3 Nc6 5. exd5 exd5 6. dxc5 Bxc5 7. Nb3 Bd6 8. Be2 Nge7 9. Bg5 0-0 10. 0-0 Bc7 11. Bh4 f6 12. Bg3 Bb6 13. Nbd4 Nf5 14. Nxf5 Bxf5 15. Nh4 Be4 16. Nf3 Rc8 17. Rc1 Kh8 18. Kh1 d4 19. Bd3 f5 20. Bf4 Qd5 21. a3 h6 22. Ne1 g5 23. Qh5 Kg7 24. Bd2 Qf7 25. Qxf7+ Rxf7 26. Bc4 Rf6 27. f3 Ne5 28. Bb3 Bc6 29. f4 Ng4 30. fxg5 hxg5 31. Bxg5 Rh8 32. Nf3 Bxf3 33. Rxf3 Rxh2+ 34. Kg1 d3+ 35. Be3 Bxe3+ 36. Rxe3 Nxe3 37. Kf2 d2 0-1

[Event "NRW Class2 0607"]
[Site "Germany"]
[Date "2007.01.28"]
[Round "5.4"]
[White "Wolf, Norbert"]
[Black "Boehle, Lars"]
[Result "1-0"]
[WhiteElo "2064"]
[BlackElo "2268"]
[PlyCount "55"]
[EventDate "2006.09.17"]
[EventType "tourn"]
[EventRounds "9"]
[EventCountry "GER"]
[SourceTitle "EXT 2008"]
[Source "ChessBase"]
[SourceDate "2007.11.25"]
[SourceVersion "1"]
[SourceVersionDate "2007.11.25"]
[SourceQuality "1"]
[WhiteTeam "Brackweda"]
[BlackTeam "Bochum 31 II"]
[WhiteTeamCountry "GER"]
[BlackTeamCountry "GER"]

1. e4 e6 2. d4 d5 3. Nd2 Nf6 4. e5 Nfd7 5. Bd3 c5 6. c3 Nc6 7. Ne2 cxd4 8. cxd4 Qb6 9. Nf3 f6 10. exf6 Nxf6 11. 0-0 Bd6 12. b3 0-0 13. Bb2 Bd7 14. Ng3 Kh8 15. Ne5 Be8 16. Bc2 Rc8 17. Rc1 Rc7 18. Kh1 a5 19. a3 Na7 20. Qd2 Nb5 21. Ra1 Bxe5 22. dxe5 Ng4 23. h3 Nxf2+ 24. Kh2 Qc5 25. Rac1 Rcf7 26. a4 Qe7 27. axb5 Qh4 28. Qd4 1-0